000 nam a22 7a 4500
999 _c8215
_d8215
008 171212b xxu||||| |||| 00| 0 eng d
100 _94642
_aSHARMA.K.D
245 _aSUPER PHYSICS S.P.XII
260 _aNEW DELHI
_bFULL MARKS
_c2017-18